| 000 -LEADER | |
|---|---|
| fixed length control field | 00483nam a22001817a 4500 |
| 005 - DATE AND TIME OF LATEST TRANSACTION | |
| control field | 20230128125503.0 |
| 008 - FIXED-LENGTH DATA ELEMENTS--GENERAL INFORMATION | |
| fixed length control field | 221220b |||||||| |||| 00| 0 eng d |
| 020 ## - INTERNATIONAL STANDARD BOOK NUMBER | |
| ISBN | 819639-6-15-5 |
| 041 ## - LANGUAGE CODE | |
| Language code of text/sound track or separate title | eng |
| 082 ## - DEWEY DECIMAL CLASSIFICATION NUMBER | |
| Classification number | 615.3 KOK-P |
| 100 ## - MAIN ENTRY--AUTHOR NAME | |
| Personal name | KOKATE , C.K. ,PUROHIT , A.P., AND GOKHALE , S.B |
| 245 ## - TITLE STATEMENT | |
| Title | TEXT BOOK OF PHARMACOGNOSY |
| 250 ## - EDITION STATEMENT | |
| Edition statement | 57th ed. |
| 260 ## - PUBLICATION, DISTRIBUTION, ETC. (IMPRINT) | |
| Name of publisher | NIRALI PRAKASHAN |
| Year of publication | 2022 |
| 300 ## - PHYSICAL DESCRIPTION | |
| Number of Pages | 23.2;P. |
| 650 ## - SUBJECT ADDED ENTRY--TOPICAL TERM | |
| Topical Term | PHARMACY |
| General subdivision | B.PHARMA |
| 942 ## - ADDED ENTRY ELEMENTS (KOHA) | |
| Koha item type | Books |
| Lost status | Damaged status | Collection code | Home library | Current library | Shelving location | Date acquired | Source of acquisition | Cost, normal purchase price | Full call number | Accession Number | Koha item type |
|---|---|---|---|---|---|---|---|---|---|---|---|
| PHARMACY | JRU Library | JRU Library | SHELF-17-A | 16/11/2022 | LOHIA BOOK INTERNATIONAL | 1200.00 | 615.3-KOK-P | 27150 | Books | ||
| PHARMACY | JRU Library | JRU Library | SHELF-17-A | 16/11/2022 | LOHIA BOOK INTERNATIONAL | 1200.00 | 615.3-KOK-P | 27151 | Books | ||
| PHARMACY | JRU Library | JRU Library | Shelf - 25- A | 16/11/2022 | LOHIA BOOK INTERNATIONAL | 1200.00 | 615.3-KOK-P | 27152 | Books | ||
| PHARMACY | JRU Library | JRU Library | Shelf - 25- A | 16/11/2022 | LOHIA BOOK INTERNATIONAL | 1200.00 | 615.3-KOK-P | 27153 | Books | ||
| PHARMACY | JRU Library | JRU Library | SHELF-17-A | 16/11/2022 | LOHIA BOOK INTERNATIONAL | 1200.00 | 615.3-KOK-P | 27154 | Books | ||
| PHARMACY | JRU Library | JRU Library | Shelf - 25- A | 20/01/2023 | LOHIA BOOK INTERNATIONAL | 360.00 | 615.3 KOK-P | 27339 | Books | ||
| PHARMACY | JRU Library | JRU Library | Shelf - 25- A | 20/01/2023 | LOHIA BOOK INTERNATIONAL | 360.00 | 615.3 KOK-P | 27340 | Books | ||
| PHARMACY | JRU Library | JRU Library | Shelf - 25- A | 20/01/2023 | LOHIA BOOK INTERNATIONAL | 360.00 | 615.3 KOK-P | 27341 | Books | ||
| PHARMACY | JRU Library | JRU Library | Shelf - 25- A | 20/01/2023 | LOHIA BOOK INTERNATIONAL | 360.00 | 615.3 KOK-P | 27342 | Books | ||
| PHYSIOTHERAPY | JRU Library | JRU Library | Shelf - 25- A | 20/01/2023 | LOHIA BOOK INTERNATIONAL | 360.00 | 615.3 KOK-P | 27343 | Books |